La Capa de ozono : la Tierra en peligro /

Guardado en:
Detalles Bibliográficos
Autor principal: Fisher, Marshall (autor)
Formato: Libro
Idioma:Español
Publicado: Madrid, España : McGraw-Hill, 1993, c1993
Colección:(Serie McGraw-Hill de Divulgación Científica)
Temas:
Etiquetas: Agrega una etiqueta
Sin etiquetas, Sé el primero en etiquetar este registro!

MARC

LEADER 00000nam^a2200000^a^4500
001 000062617
005 20250521000000.0
009 20260310090955.432
020 |a 84-481-0060-3 
037 |a Acervo ITESO - Biblioteca 
041 |a ESP 
082 |a 304. 28  |b FIS 
100 |a Fisher, Marshall  |e (autor) 
245 1 3 |a La Capa de ozono :  |b la Tierra en peligro /  |c M. Fisher. 
264 4 |a Madrid, España :  |b McGraw-Hill,  |c 1993, c1993 
300 |a 84 p. 
336 |a texto  |b txt  |2 rdacontenido 
337 |a sin mediación  |b n  |2 rdamedio 
338 |a volumen  |b nc  |2 rdasoporte 
440 1 |a (Serie McGraw-Hill de Divulgación Científica) 
649 |a XX 
650 |a Capa de Ozono 
650 |a Contaminación Ambiental 
650 |a Conservación y Protección Ambiental 
650 |a Contaminación Ambiental 
650 |a Ecología 
650 |a Problemas Sociales 
910 |a Fondo General 
920 |a Impresos - Libros 
930 |a Colección General 
905 |a 101 
901 |a 0500015304  |b IT1  |c ACC  |u 20250521 
902 |a https://opac.biblio.iteso.mx/vufind/Record/000062617